| 000 | 00545nam a2200229 a 4500 | ||
|---|---|---|---|
| 001 | nice12345678 | ||
| 003 | IN_TiNIC | ||
| 005 | 20260116011725.0 | ||
| 008 | 050524s1959 lona grp 000 0 eng | ||
| 020 |
_a _c0 |
||
| 082 | 0 | 0 |
_a201 _bBON |
| 100 | _aBonhoeffer, Dietrich | ||
| 245 | _aLetters and Papers from Prison | ||
| 260 |
_aLondon _bFontana Books _c1959 |
||
| 300 | _a192p | ||
| 500 | _aincludes index and biblioraphy | ||
| 505 | 2 | _aIndex | |
| 700 | 1 | _aBonhoeffer, Dietrich | |
| 902 | _bSRS | ||
| 942 | _cBK | ||
| 999 |
_c3544 _d3544 |
||